International Organisations (Record no. 11519)

MARC details
000 -LEADER
fixed length control field 00406nam a22001697a 4500
003 - CONTROL NUMBER IDENTIFIER
control field OSt
008 - FIXED-LENGTH DATA ELEMENTS--GENERAL INFORMATION
fixed length control field 220910b ||||| |||| 00| 0 eng d
020 ## - INTERNATIONAL STANDARD BOOK NUMBER
International Standard Book Number 9789390735037
082 ## - DEWEY DECIMAL CLASSIFICATION NUMBER
Classification number 341.2 AGI
100 ## - MAIN ENTRY--PERSONAL NAME
Personal name AGARWAL, H.O.
245 ## - TITLE STATEMENT
Title International Organisations
250 ## - EDITION STATEMENT
Edition statement 3rd ed.
260 ## - PUBLICATION, DISTRIBUTION, ETC. (IMPRINT)
Place of publication, distribution, etc Prayagrag
Name of publisher, distributor, etc Central Law Publicatios
Date of publication, distribution, etc 2021
300 ## - PHYSICAL DESCRIPTION
Extent 327 p.
650 ## - SUBJECT ADDED ENTRY--TOPICAL TERM
Topical term or geographic name as entry element B.A.
942 ## - ADDED ENTRY ELEMENTS (KOHA)
Source of classification or shelving scheme Dewey Decimal Classification
Koha item type Text Books
942 ## - ADDED ENTRY ELEMENTS (KOHA)
-- 8
Holdings
Withdrawn status Lost status Source of classification or shelving scheme Damaged status Not for loan Collection code Home library Current library Date acquired Source of acquisition Currency Cost, normal purchase price Bill Number Total Checkouts Full call number Acc. no. / Barcode Date last seen Actual Cost, discounted price Bill Date Koha item type Date last borrowed
    Dewey Decimal Classification     BA(GEN) PIET NCR College Library PIET NCR College Library 02/09/2022 Kirti Prakashan IN Rupees 290.00 IN902   341.2 AGI N2818 10/09/2022 232.00 10/09/2022 Reference Books  
    Dewey Decimal Classification     BA(GEN) PIET NCR College Library PIET NCR College Library 02/09/2022 Kirti Prakashan IN Rupees 290.00 IN902 11 341.2 AGI N2819 19/05/2025 232.00 10/09/2022 Text Books 01/04/2025
    Dewey Decimal Classification     BA(GEN) PIET NCR College Library PIET NCR College Library 02/09/2022 Kirti Prakashan IN Rupees 290.00 IN902 11 341.2 AGI N2820 11/06/2025 232.00 10/09/2022 Text Books 12/02/2025
    Dewey Decimal Classification     BA(GEN) PIET NCR College Library PIET NCR College Library 02/09/2022 Kirti Prakashan IN Rupees 290.00 IN902 14 341.2 AGI N2821 23/04/2025 232.00 10/09/2022 Text Books 16/04/2025
    Dewey Decimal Classification     BA(GEN) PIET NCR College Library PIET NCR College Library 02/09/2022 Kirti Prakashan IN Rupees 290.00 IN902 10 341.2 AGI N2822 07/05/2025 232.00 10/09/2022 Text Books 14/04/2025

Design & Developed by: PIET Central Library
R70 Miles Stone Pattikalyana Samalkha Panipat 132102
mail ID :- [email protected], Phone No:- 0180-2569700 Ex.216